00978 2200325 4500001002100000005001500021035002000036007000300056008004100059020002200100082001400122084001600136100002300152245009500175250003200270300003100302500001100333650001900344504003400363264004400397336002100441337003000462338002300492040002200515090002200537700003700559850001200596999002200608990002200630INLIS00000000089787420250716012901 a0010-0725000452ta250716s2025 yoi 1 ind  a978-634-7054-17-304223a155.4 a155.4 CAS f0 aCasminiePengarang10aFatherless :bsolusi kesehatan psikologi anak /cCasmini; penyunting, Fauzan Anwar Sandiah aCetakan Pertama, Maret 2025 axxii, 263 halaman ;c21 cm aIndeks 4aPsikologi anak aBibliografi : halaman 225-24031aYogyakarta :bSuara Muhammadiyah,c2025 2rdacontentateks 2rdamediaatanpa perantara 2rdacarrieravolume aYOPDYOGbinderda aCB-D.11 2025-19050 aFauzan Anwar SandiahePenyunting aYOPDYOG aCB.D.11/2025-1905 aCB-D.11/2025-1905